000 00364nam a22001457a 4500
999 _c263346
_d263345
003 OSt
005 20240312154617.0
008 240312b xxu||||| |||| 00| 0 eng d
020 _a9780756692452
040 _cN/A
100 _aBeecroft, Simon.
245 _aChewbacca and the Wookiee Warriors
260 _aNew York
_bDorling Kindersley
_c2012
942 _2lcc
_cBK